000
00210 a2200097 4500
001
29822
100
_a
Colin
245
_a
Introduction to operating systems
260
_a
_b
Macdonald
_c
090
_c
19838
_d
19838
942
_a
NUST-CAE
_c
M
_c
10933
999
_c
264895
_d
264895